Sistema de partidos : el caso del Partido Socialdemócrata : comentarios a la sentencia SUP-RAP-269/2009 /
Análisis de la sentencia emitida por el Tribunal Electoral del Poder Judicial de la Federación, sobre la consideración del Partido Socialdemócrata como partido político en liquidación, tras haber perdido el registro, de manera que el remanente de los recursos públicos que previamente le correspondía...
Guardat en:
| Autor principal: | |
|---|---|
| Autor corporatiu: | |
| Altres autors: | |
| Format: | Llibre |
| Idioma: | espanyol |
| Publicat: |
México :
Tribunal Electoral del Poder Judicial de la Federación,
2011, c2011
|
| Edició: | Edición abreviada |
| Col·lecció: | (Comentarios a las Sentencias del Tribunal Electoral del Poder Judicial de la Federación ;
36) |
| Matèries: | |
| Etiquetes: |
Sense etiquetes, Sigues el primer a etiquetar aquest registre!
|
MARC
| LEADER | 00000nam^a2200000^a^4500 | ||
|---|---|---|---|
| 001 | 000317676 | ||
| 005 | 20250521000000.0 | ||
| 008 | 120123 20112011 | ||
| 009 | 20260310113350.565 | ||
| 020 | |a 978-607-708-030-5 | ||
| 037 | |a Acervo ITESO - Biblioteca | ||
| 041 | |a ESP | ||
| 082 | |a 342. 7207 |b COM V. 36 | ||
| 100 | |a Villafranco Robles, Citlali |e (autor) | ||
| 245 | 1 | 0 | |a Sistema de partidos : |b el caso del Partido Socialdemócrata : comentarios a la sentencia SUP-RAP-269/2009 / |c C. Villafranco Robles ; introd. de A.D. Avante Juárez ; presen. del Tribunal Electoral del Poder Judicial de la Federación. |
| 250 | |a Edición abreviada | ||
| 264 | 4 | |a México : |b Tribunal Electoral del Poder Judicial de la Federación, |c 2011, c2011 | |
| 300 | |a 67 p. | ||
| 336 | |a texto |b txt |2 rdacontenido | ||
| 337 | |a sin mediación |b n |2 rdamedio | ||
| 338 | |a volumen |b nc |2 rdasoporte | ||
| 440 | 1 | |a (Comentarios a las Sentencias del Tribunal Electoral del Poder Judicial de la Federación ; |v 36) | |
| 520 | |a Análisis de la sentencia emitida por el Tribunal Electoral del Poder Judicial de la Federación, sobre la consideración del Partido Socialdemócrata como partido político en liquidación, tras haber perdido el registro, de manera que el remanente de los recursos públicos que previamente le correspondían, pudiese ser utilizado para cubrir adeudos anteriores a la pérdida del registro. | ||
| 530 | |a Existe una edición aumentada en formato digital en disco con el mismo título | ||
| 649 | |a XX | ||
| 650 | |a Tribunal Electoral del Poder Judicial de la Federación - |x Tema Principal | ||
| 650 | |a Tribunales Electorales - |z México | ||
| 650 | |a Partido Socialdemócrata - |z México - |x Tema Principal | ||
| 650 | |a Partidos Políticos - |z México - |x Tema Principal | ||
| 650 | |a Financiamiento de las Actividades Políticas - |z México - |x Tema Principal | ||
| 650 | |a Derecho Electoral - |z México - |x Tema Principal | ||
| 650 | |a Derecho Político - |z México | ||
| 650 | |a Derecho Constitucional - |z México | ||
| 650 | |a México - |x Condiciones Jurídicas | ||
| 710 | |a Tribunal Electoral del Poder Judicial de la Federación |e (presen.) | ||
| 700 | |a Avante Juárez, Alejandro David |e (introducción) | ||
| 910 | |a Fondo General | ||
| 920 | |a Impresos - Libros | ||
| 930 | |a Colección General | ||
| 905 | |a 101 | ||
| 901 | |a 0500204828 |b IT1 |c ACC |i D57261 |u 20250521 | ||
| 902 | |a https://opac.biblio.iteso.mx/vufind/Record/000317676 | ||